| 000 | 00557nam a22001817a 4500 | ||
|---|---|---|---|
| 999 |
_c6162 _d6162 |
||
| 003 | AR-CdUCM | ||
| 008 | 190313b ||||| |||| 00| 0 spa d | ||
| 020 | _a84-7232-175-4 | ||
| 040 |
_aMUNICIPALIDAD PROVINCIAL DEL CUSCO _cBIBLIOTECA MUNICIPAL DEL CUSCO |
||
| 082 |
_a868.6 / _bG25 |
||
| 100 |
_aGarcia Lopez, Angel _917827 |
||
| 245 |
_aMester Andalusí : _bPremio Leopoldo Panero 1976 / |
||
| 260 |
_aMadrid : _bCultura Hispánica, _c1978. |
||
| 300 |
_a79 páginas _c20 cm. |
||
| 650 |
_aPoemario español _917828 |
||
| 942 |
_2ddc _cLIBROS |
||
| 945 | _aAndy | ||